Diskussija o socialističeskoj rynočnoj ekonomike.

Proces transformácie socialistických systémov do ekonomických modelov trhového typu. Prehľad hlavných modelov trhového typu. Historická a logická protirečivosť pojmu socialistické trhové hospodárstvo.

Salvato in:
Dettagli Bibliografici
Natura: Capitolo di libro
Lingua:russo
Soggetti:
Tags: Aggiungi Tag
Nessun Tag, puoi essere il primo ad aggiungerne!!

MARC

LEADER 00000naa a2200000 4500
001 r001371
005 20220819191441.7
041 0 |a rus 
044 |a [SU] 
245 1 0 |a Diskussija o socialističeskoj rynočnoj ekonomike. 
520 |a Proces transformácie socialistických systémov do ekonomických modelov trhového typu. Prehľad hlavných modelov trhového typu. Historická a logická protirečivosť pojmu socialistické trhové hospodárstvo. 
610 2 0 |a hospodárstvo trhové 
610 2 0 |a socializmus trhový 
610 2 0 |a vlastníctvo 
610 2 0 |a reformy hospodárske 
610 2 0 |a modely trhu 
610 2 0 |a pojmy